Normal view
MARC view
Entry Nombre personal
001 - NÚMERO DE CONTROL
- campo de control: 1121
003 - IDENTIFICADOR DE NÚMERO DE CONTROL
- campo de control: DLC
005 - FECHA Y HORA DE LA ÚLTIMA TRANSACCIÓN
- campo de control: 20260425083604.0
008 - ELEMENTOS DE DATO DE LONGITUD-FIJA
- campo de control de longitud fija: 800501n| azannaabn |b aaa
010 ## - NÚMERO DE CONTROL DE LA BIBLIOTECA DEL CONGRESO
- Número de control de LC: n 50020636
035 ## - NÚMERO DE CONTROL DEL SISTEMA
- Número de control de sistema: (OCoLC)oca00056064
040 ## - FUENTE DE CATALOGACIÓN
- Centro catalogador/agencia de origen: DLC
- Lengua de catalogación: eng
- Normas de descripción: rda
- Centro/agencia transcriptor: DLC
- Centro/agencia modificador: OCoLC
- Centro/agencia modificador: CCSC
- Centro/agencia modificador: OkU
046 ## - FECHAS CON CODIFICACIÓN ESPECIAL
- Fecha de nacimiento: 1900-06-25
- Fecha de la muerte: 1966-08-17
- Fuente del esquema de fecha: edtf
100 1# - ENCABEZAMIENTO-NOMBRE DE PERSONA
- Nombre de persona: Hadas, Moses,
- Fechas asociadas al nombre: 1900-1966
374 ## - OCUPACIÓN
- Ocupación: Classicists
- Fuente del término: lcsh
400 1# - TRAZADO DE VÉASE--NOMBRE DE PERSONA
- Nombre de persona: Hadas, Mosheh,
- Fechas asociadas al nombre: 1900-1966
400 1# - TRAZADO DE VÉASE--NOMBRE DE PERSONA
- Nombre de persona: Hadasi, Mosaisi,
- Fechas asociadas al nombre: 1900-1966
400 1# - TRAZADO DE VÉASE--NOMBRE DE PERSONA
- Nombre de persona: Hadasu, Mōzezu,
- Fechas asociadas al nombre: 1900-1966
400 1# - TRAZADO DE VÉASE--NOMBRE DE PERSONA
- Nombre de persona: Haedŏsŭ, Moujis,
- Fechas asociadas al nombre: 1900-1966
400 1# - TRAZADO DE VÉASE--NOMBRE DE PERSONA
- Nombre de persona: ハダス, モーゼズ,
- Fechas asociadas al nombre: 1900-1966
670 ## - FUENTE DE DATOS ENCONTRADOS
- Cita de la fuente: Körte, A.
- Información encontrada: Hellenistic poetry, 1929.
670 ## - FUENTE DE DATOS ENCONTRADOS
- Cita de la fuente: Ancilla to classical reading :
- Información encontrada: title page (Moses Hadas)
670 ## - FUENTE DE DATOS ENCONTRADOS
- Cita de la fuente: Contemporary authors, volumes 1-4, first revision, 1967:
- Información encontrada: (Moses Hadas, b. June 25, 1900; d. Aug. 17, 1966)
670 ## - FUENTE DE DATOS ENCONTRADOS
- Cita de la fuente: OCLC, Mar. 10, 2017:
- Información encontrada: (usage: Moujis Haedŏsŭ, Mosaisi Hadasi, Mōzezu Hadasu, Mosheh Hadas)